Array signal processing : (Record no. 175778)
[ view plain ]
| 000 -LEADER | |
|---|---|
| fixed length control field | 00891 a2200217 4500 |
| 003 - CONTROL NUMBER IDENTIFIER | |
| control field | Nust |
| 005 - DATE AND TIME OF LATEST TRANSACTION | |
| control field | 20221213114434.0 |
| 010 ## - LIBRARY OF CONGRESS CONTROL NUMBER | |
| LC control number | 92010476 |
| 020 ## - INTERNATIONAL STANDARD BOOK NUMBER | |
| International Standard Book Number | 0130485136 : |
| 040 ## - CATALOGING SOURCE | |
| Transcribing agency | Nust |
| 082 00 - DEWEY DECIMAL CLASSIFICATION NUMBER | |
| Classification number | 621.3822,JOH |
| 100 1# - MAIN ENTRY--PERSONAL NAME | |
| Personal name | Johnson, Don H. |
| 9 (RLIN) | 104708 |
| 245 10 - TITLE STATEMENT | |
| Title | Array signal processing : |
| Remainder of title | concepts and techniques / |
| Statement of responsibility, etc. | Don H. Johnson, Dan E. Dudgeon. |
| 260 ## - PUBLICATION, DISTRIBUTION, ETC. | |
| Place of publication, distribution, etc. | Englewood Cliffs, NJ : |
| Name of publisher, distributor, etc. | P T R Prentice Hall, |
| Date of publication, distribution, etc. | c1993. |
| 300 ## - PHYSICAL DESCRIPTION | |
| Extent | xiii, 533 p. : |
| Other physical details | ill. ; |
| Dimensions | 25 cm. |
| 440 #0 - SERIES STATEMENT/ADDED ENTRY--TITLE | |
| Title | Prentice-Hall signal processing series |
| 9 (RLIN) | 102988 |
| 505 ## - FORMATTED CONTENTS NOTE | |
| Formatted contents note | Introduction (Page-1), Signals in Space and Time (Page- 9), Apertures and Arrays (Page-59), Beamforming (Page-111), Detection Theory (Page-199), Estimation Theory (Page-266), Adaptive Array Processing (Page-349), Tracking (Page-424). |
| 650 #0 - SUBJECT ADDED ENTRY--TOPICAL TERM | |
| Topical term or geographic name entry element | Telecommunication engineering |
| 700 1# - ADDED ENTRY--PERSONAL NAME | |
| Personal name | Dudgeon, Dan E. |
| 9 (RLIN) | 104709 |
| 942 ## - ADDED ENTRY ELEMENTS (KOHA) | |
| Koha item type | Book |
| Source of classification or shelving scheme | |
| Withdrawn status | Lost status | Source of classification or shelving scheme | Damaged status | Not for loan | Permanent Location | Current Location | Shelving location | Date acquired | Full call number | Barcode | Date last seen | Price effective from | Koha item type | Public note |
|---|---|---|---|---|---|---|---|---|---|---|---|---|---|---|
| Military College of Signals (MCS) | Military College of Signals (MCS) | General Stacks | 12/12/2016 | 621.3822,JOH | MCS28928 | 12/08/2016 | 12/12/2016 | Book | Almirah No.36, Shelf No.4 |
